000 00726nam a2200193 a 4500
005 20260112063315.0
020 _a9788172237745
039 _a202504231726
_bstaff
_c202111101607
_d staff
_c202008261556
_d staff
_c201409081240
_d staff
_y 201308221243
_z staff
082 _a338.064
_bMUN [ Shelf 3 ]
100 _aMunshi, Porus
245 _aMaking breakthrough innovation happen :
_bhow eleven Indians pulled off the impossible /
_cPorus Munshi
260 _aNoida, Uttar Pradesh, India :
_bCollins Business,
_c2009
300 _axviii, 236 p. ;
_c23 cm.
650 _aTechnological innovations
650 _aIndia
991 _aVIRTUA40
991 _aVTLSSORT0080*0200*0820*1000*2450*2600*3000*6500*6501*9992
909 _a4788
999 _c4263
_d4263